000 00925nam a2200205 a 4500
001 000375757
003 AM-YeHGA
005 20250618072306.0
008 041101s1983 ai 000 | arm d
040 _aAM-YeHGA
041 1 _aarm
_hrus
245 1 0 _aՃպուռն ու մրջյունը :
_b[Առակ] : Նախադպր. տարիքի համար /
_cԻ.Ա. Կռիլով; Փոխադր.՝ Խնկո Ապեր; Նկ.՝ Ս.Գ. Սաֆյան; Խմբ.՝ Հ.Վ. Վարդանյան.
260 _aԵրևան :
_bՍովետական գրող,
_c1983.
300 _a[12] էջ :
_bգունանկ. ;
_c17 սմ.
650 1 4 _aՌուս մանկական գրականություն
_xԱռակ
700 0 _aԽնկո Ապեր,
_d1870-1935
_eփոխադր.
_4trl
700 1 _aՎարդանյան, Հայկ Վարդանի,
_d1926-
_eխմբ.
_4edt
700 1 _aՍաֆյան, Սպարտակ Գևորգի,
_d1929-2001
_eնկ.
_4art
_94028
090 _c144950
999 _c143569
_d143569